000 00480nam a2200169Ia 4500
003 LK-CoDNM
008 010623t2011 xxu||||| |||| 00| 1 sin d
040 _aLK-CoDNM
_dLK-CoDNM
_eLK-CoDNM
041 _asin
080 _a92 WIJ
100 _aWijetunga,Sirisaman
245 _aඅපේ උරුමය ලොවට ගෙන ගිය බෙල්
246 _aApe Urumaya Lowata Gena Giya Bell
260 _bWijesuriya
_aColombo
_c2011
300 _b53, 21 cm
942 _cBK
999 _c130791
_d130791